Detalles MARC
| 000 -LEADER |
| fixed length control field |
01967nam a2200433 a 4500 |
| 005 - FECHA ULTIMA MODIFICACION |
| control field |
20240503124359.0 |
| 008 - CAMPO DE CONTROL (LIBRO) |
| fixed length control field |
100707t2009 ag a f |||| 001 0 spa d |
| 020 ## - INTERNATIONAL STANDARD BOOK NUMBER |
| ISBN |
9789870565284 |
| 041 ## - CODIGO DE IDIOMA |
| Código de idioma del texto/pista de sonido o título separado |
spa |
| 092 ## - SIGNATURA TOPOGRAFICA DEWEY LOCAL |
| número de clasificación |
616.39 |
| libristica |
47 |
| sección |
LER |
| 100 1# - ENTRADA PRINCIPAL--NOMBRE PERSONAL |
| Nombre personal |
Lerman, Jorge |
| 9 (RLIN) |
3722 |
| 245 ## - TITULO PROPIAMENTE DICHO |
| Título |
Enfoque integral del síndrome metabólico / |
| Mención de responsabilidad y remanente de la transcripción de la portada |
Jorge Lerman |
| 250 ## - MENCION DE EDICION |
| Mención de edición |
2a ed. reimp. |
| 260 ## - PIE DE IMPRENTA |
| Lugar de publicación, distribución, etc |
Buenos Aires: |
| Nombre de la editorial, distribuidor, etc |
Intermédica; |
| Fecha de publicación |
2009. |
| 300 ## - DESCRIPCION FISICA |
| Extension |
308 p. |
| Otros detalles físicos |
il. |
| 500 ## - NOTA GENERAL |
| Nota general |
Lerman, J. e Iglesias, R. (2009). Enfoque integral del síndrome metabólico. (2a ed.). Buenos Aires : Intermédica. |
| 653 ## - TÉRMINO INDIZADO - PALABRAS CLAVES |
| Palabra clave |
Concepto y definición del síndrome metabólico |
| 653 ## - TÉRMINO INDIZADO - PALABRAS CLAVES |
| Palabra clave |
Epidemiología del síndrome metabólico |
| 653 ## - TÉRMINO INDIZADO - PALABRAS CLAVES |
| Palabra clave |
Bases fisiopatológicas del síndrome metabólico |
| 653 ## - TÉRMINO INDIZADO - PALABRAS CLAVES |
| Palabra clave |
Síndrome metabólico es sinónimo de resistencia a la insulina? |
| 653 #3 - TÉRMINO INDIZADO - PALABRAS CLAVES |
| Palabra clave |
La disfunción endotelial en el síndrome metabólico |
| 653 ## - TÉRMINO INDIZADO - PALABRAS CLAVES |
| Palabra clave |
Fenónemos proinflamatorios y protombóticos en el síndrome metabólico |
| 653 ## - TÉRMINO INDIZADO - PALABRAS CLAVES |
| Palabra clave |
Alteraciones en el metabolismo de los hidratos de carbono |
| 653 ## - TÉRMINO INDIZADO - PALABRAS CLAVES |
| Palabra clave |
Alteraciones del metabolismo de los lípidos |
| 653 ## - TÉRMINO INDIZADO - PALABRAS CLAVES |
| Palabra clave |
Síndrome metabólico e hipertensión arterial |
| 653 ## - TÉRMINO INDIZADO - PALABRAS CLAVES |
| Palabra clave |
Obesidad y síndrome metabólico |
| 653 ## - TÉRMINO INDIZADO - PALABRAS CLAVES |
| Palabra clave |
Obesidad en niños y adolescentes |
| 653 ## - TÉRMINO INDIZADO - PALABRAS CLAVES |
| Palabra clave |
Síndrome metabólico en niños y adolescentes |
| 653 ## - TÉRMINO INDIZADO - PALABRAS CLAVES |
| Palabra clave |
Impacto cardiovascular del síndrome metabólico |
| 653 ## - TÉRMINO INDIZADO - PALABRAS CLAVES |
| Palabra clave |
Dietoterapia del síndrome metabólico |
| 653 ## - TÉRMINO INDIZADO - PALABRAS CLAVES |
| Palabra clave |
Tratamiento farmacológico y quirúrgico de la obesidad |
| 653 ## - TÉRMINO INDIZADO - PALABRAS CLAVES |
| Palabra clave |
Actividad fisica y el síndrome metabólico |
| 653 ## - TÉRMINO INDIZADO - PALABRAS CLAVES |
| Palabra clave |
Rehabilitación cardiovascular en el síndrome metabólico |
| 653 ## - TÉRMINO INDIZADO - PALABRAS CLAVES |
| Palabra clave |
Aspectos culturales, antropológicos y psicosociales del síndrome metabólico |
| 653 ## - TÉRMINO INDIZADO - PALABRAS CLAVES |
| Palabra clave |
Tratamiento integral del síndrome metabólico |
| 653 ## - TÉRMINO INDIZADO - PALABRAS CLAVES |
| Palabra clave |
Certezas e interrogantes para el futuro |
| 700 1# - ENTRADAS SECUNDARIAS - NOMBRE PERSONAL |
| Nombre personal |
Iglesias, Ricardo |
| 9 (RLIN) |
3723 |
| 942 ## - ADDED ENTRY ELEMENTS (KOHA) |
| Source of classification or shelving scheme |
Dewey Decimal Classification |
| Item type |
Libros |